MLS MVP Winners Quiz - Statistics

General Stats
  • This quiz has been taken 55 times
    30 since last reset
  • The average score is 10 of 27
Answer Stats
Year Team Player % Correct
2019 Los Angeles FC Carlos Vela
83%
2022 Nashville SC Hany Mukhtar
79%
2018 Atlanta United Josef Martínez
79%
2009 Los Angeles Galaxy Landon Donovan
71%
2021 New England Revolution Carles Gil
58%
2016 New York City FC David Villa
54%
2014 Los Angeles Galaxy Robbie Keane
50%
2015 Toronto FC Sebastian Giovinco
50%
2017 Portland Timbers Diego Valeri
42%
2020 Toronto FC Alejandro Pozuelo
38%
1996 Tampa Bay Mutiny Carlos Valderrama
38%
2012 San Jose Earthquakes Chris Wondolowski
38%
2002 Los Angeles Galaxy Carlos Ruíz
29%
2013 Chicago Fire Mike Magee
29%
2011 D.C. United Dwayne De Rosario
25%
1997 Kansas City Wizards Preki
25%
2003 Kansas City Wizards Preki
25%
2010 FC Dallas David Ferreira
21%
1998 D.C. United Marco Etcheverry
21%
2005 New England Revolution Taylor Twellman
21%
2000 Kansas City Wizards Tony Meola
21%
2006 D.C. United Christian Gómez
17%
1999 Dallas Burn Jason Kreis
17%
2007 D.C. United Luciano Emilio
17%
2001 Miami Fusion Alex Pineda Chacón
13%
2004 MetroStars Amado Guevara
13%
2008 Columbus Crew Guillermo Barros Schelotto
13%
No matching quizzes found
Score Distribution
Percent of People with Each Score
Percentile by Number Answered
Your Score History
You have not taken this quiz since the last reset